00465 2200193 4500001002100000005001500021008004100036020001800077035001900095041000700114082000800121090001400129100001900143245003400162260003500196300002400231500000600255650001000261INLIS00000000000001120241224112112241224||||||||| | ||| |||| || |  a979-8598-28-8 0010-1224000011 aid0 a340 a340 PRA h0 aTeguh Prasetyo00aHukum Pidana Material jilid 2 aYogyakartabKurnia Kalamc2005 aix, 170 hlm,: 21 cm a1 0aHukum